Statistiques concernant Pays ayant le plus d'habitants de moins de 15 ans

Cliquez ici pour prendre le quiz!

Statistiques générales

  • Ce quiz a été pris 14 807 fois
    (11 379 depuis la dernière actualisation)
  • Le résultat moyen est 13 sur 20

Statistiques - réponses

%TotalPays% Correct
18258 MChine
95%
26371 MInde
94%
1862 MÉtats-Unis
89%
2145 MBrésil
86%
1826 MRussie
81%
2532 MMexique
76%
2569 MIndonésie
73%
4396 MNigeria
71%
4748 MRD du Congo
71%
3789 MPakistan
66%
3337 MÉgypte
60%
2645 MBangladesh
59%
4051 MÉthiopie
55%
2421 MIran
52%
3136 MPhilippines
49%
2320 MTurquie
48%
2323 MViêt Nam
46%
3821 MKenya
39%
4430 MTanzanie
38%
4522 MOuganda
23%

Distribution des résultats

Percentile par nombre de réponses

% des personnes avec chaque résultat

Votre développement - résultats

Vous n’avez pas pris ce quiz depuis la dernière actualisation